All Monsters - My Singing Monsters (3/31/2026) - Statistics

General Stats
  • This quiz has been taken 52 times
  • The average score is 104 of 237
Answer Stats
Hint Answer % Correct
Single Toe Jammer
95%
Single Mammott
90%
Dipster Mi
90%
Single Potbelly
90%
Dipster Do
85%
Dipster Fa
85%
Dipster Re
85%
Quad Deedge
80%
Quad Entbrat
80%
Double Furcorn
80%
Double Fwog
80%
Dipster La
80%
Single Noggin
80%
Dipster Sol
80%
Dipster Ti
80%
Triple T-Rox
80%
Single Tweedle
80%
Triple Bowgart
75%
Double Cybop
75%
Double Dandidoo
75%
Double Drumpler
75%
Single Kayna
75%
Double Maw
75%
Quad Quarrister
75%
Quad Riff
75%
Quad Shellbeat
75%
Double Shrubb
75%
Triple Clamble
70%
Double Flowah
70%
Single Ghazt
70%
Triple PomPom
70%
Triple Pummel
70%
Double Quibble
70%
Triple Spunge
70%
Supernatural Wubbox
70%
Triple Barrb
65%
Double Oaktopus
65%
Double Pango
65%
Triple Scups
65%
Double Stogg
65%
Triple Thumpies
65%
Single Clackula
60%
Triple Congle
60%
Double Glowl
60%
Quint Gnarls
60%
Single Grumpyre
60%
Triple Reedling
60%
Shugafam Shugabush
60%
Guest Star bbli$zard
55%
Quint Bowhead
55%
Quint Drummidary
55%
Single Fluoress
55%
Single G'joob
55%
Single Humbug
55%
Single Jeeode
55%
Quint Mimic
55%
Double Phangler
55%
Single Reebro
55%
Shugafam Shugabass
55%
Shugafam Shugabeats
55%
Werdo Tawkerr
55%
Quad Tring
55%
Quint Tuskski
55%
Double Whisp
55%
Single Anglow
50%
Double Boskus
50%
Triple Floogull
50%
Single Floot Fly
50%
Double Gob
50%
Core Hoola
50%
Quad Krillby
50%
Werdo Maggpi
50%
Werdo Parlsona
50%
Core Punkleton
50%
Triple Rootitoot
50%
Shugafam Shugavox
50%
Shugafam Shugitar
50%
Triple Sooza
50%
Auxiliary Spurrit
50%
Single Strombonin
50%
Single Theremind
50%
Triple Thrumble
50%
Triple Whaddle
50%
Single Yawstrich
50%
Core Yool
50%
Quint Candelavra
45%
Quad Enchantling
45%
Quad Flum Ox
45%
Single Hyehehe
45%
Quad Incisaur
45%
Double Jellbilly
45%
Double Nebulob
45%
Quad Plinkajou
45%
Triple Repatillo
45%
Shugafam Shugabuzz
45%
Shugafam Shugajo
45%
Quad Sneyser
45%
Triple Woolabee
45%
Triple Wynq
45%
Quad Yelmut
45%
Triple Ziggurab
45%
Wublin Zynth
45%
Double Arackulele
40%
Guest Star Autotuna
40%
Double Bellowfish
40%
Quad Bisonorus
40%
Core Blabbit
40%
Triple Blarret
40%
Quad Blow't
40%
Air Bogle
40%
Werdo/Guest Star Charrkoll
40%
Auxiliary Clavavera
40%
Quad Edamimi
40%
Cold Fandhul
40%
Double Fung Pray
40%
Triple G'day
40%
Quad Gloptic
40%
Plant Lowb
40%
Triple Mushaboom
40%
Quad Pladdie
40%
Quad PongPing
40%
Double Poppette
40%
Triple Rooba
40%
Core Schmoochle
40%
Shugafam Shugarock
40%
Werdo Stoowarb
40%
Quad Tiawa
40%
Quad Whaill
40%
Double Wimmzies
40%
Single Arcorina
35%
Triple Auglur
35%
Quint BeMeebEth
35%
Double Boodoo
35%
Auxiliary Boo'qwurm
35%
Wublin Brump
35%
Single Cherubble
35%
Double Denchuhs
35%
Wublin Dermit
35%
Triple Flasque
35%
Triple Frondley
35%
Spectral Glowbe
35%
Single Hairionette
35%
Double Hawlo
35%
Triple Illoost
35%
Triple Larvaluss
35%
Quad Oogiddy
35%
Double Osstax
35%
Single Owlesque
35%
Quad Pentumbra
35%
Light Island Phosphoran Phlox
35%
Double Pinghound
35%
Wublin Pixolotl
35%
Quad Rhysmuth
35%
Double Scallyrags
35%
Double shLep
35%
Triple Uuduk
35%
Triple Withur
35%
Triple X'rt
35%
Double Xyster
35%
Triple Yooreek
35%
December Attmoz
30%
Triple Banjaw
30%
April Blasoom
30%
Wublin Blipsqueak
30%
Double Bonkers
30%
Single Buzzinga
30%
Triple Cantorell
30%
Double Cranchee
30%
Double Déjà-Jin
30%
Double Dragong
30%
Wublin Dwumrohl
30%
Double eRmA gUrDy
30%
Auxiliary Ffidyll
30%
Triple Fiddlement
30%
July Galvana
30%
March Glaishur
30%
Auxiliary Gobbleygourd
30%
Double HippityHop
30%
January Hornacle
30%
Triple Jerm
30%
Double Kazilleon
30%
Double Knucklehead
30%
Triple Meebkin
30%
Auxiliary Monculus
30%
November Plixie
30%
Double Pluckbill
30%
Wublin Poewk
30%
Double Roarick
30%
Single Shhimmer
30%
Double Sox
30%
Double Sporerow
30%
Double Squot
30%
Triple Teeter-Tauter
30%
Quad Vhenshun
30%
Auxiliary Whiz-bang
30%
Double Bleatnik
25%
Triple Bridg-it
25%
Double Bulbo
25%
Double Cahoot
25%
Auxiliary Carillong
25%
Single Cataliszt
25%
Psychic Island Cruv'laaphtian Crocus
25%
Double Dakktyl
25%
Wublin Fleechwurm
25%
February Furnoss
25%
Triple Gaddzooks
25%
Wublin Gheegur
25%
Core Jam Boree
25%
Double Knurv
25%
September Loodvigg
25%
Triple Nitebear
25%
Double Peckidna
25%
Triple Periscorp
25%
Triple Piplash
25%
August Scaratar
25%
Wublin Screemu
25%
Triple Tapricorn
25%
Wublin Thwok
25%
October Torrt
25%
Wublin Tympa
25%
June Vhamp
25%
Auxiliary Viveine
25%
Wublin Whajje
25%
Double Yuggler
25%
Wublin Bona-Petite
20%
Triple Clavi Gnat
20%
Faerie Island Faesoddoid Fungus
20%
Triple Galymph
20%
Wublin Maulch
20%
Wublin Scargo
20%
Triple Spytrap
20%
May Syncopite
20%
Triple TooToo
20%
Double Wheezel
20%
Wublin Zuuker
20%
Wublin Astropod
15%
Wublin Creepuscule
15%
No matching quizzes found
Score Distribution
Percent of People with Each Score
Percentile by Number Answered
Your Score History
You have not taken this quiz